Estatísticas para Cidades do Brasil com mais de 100 mil Habitantes

Clique aqui para jogar o quiz

Estatísticas Gerais

  • Esse quiz foi jogado 3 406 vezes
  • A pontuação média é 90 de 326

Respostas no mapa

Respostas codificadas por cores de uma escala verde-vermelha no mapa do quiz de acordo com a % correta abaixo.
Carregando ...
 

Estatísticas das Respostas

Pop.Es.Município% Correto
6.747.815RJRio de Janeiro
96%
12.325.232SPSão Paulo
92%
2.219.580AMManaus
86%
2.521.564MGBelo Horizonte
85%
2.886.698BASalvador
85%
3.055.149DFBrasília
83%
1.488.252RSPorto Alegre
82%
1.948.626PRCuritiba
81%
1.536.097GOGoiânia
81%
2.686.612CEFortaleza
80%
413.418ACRio Branco
80%
1.499.641PABelém
77%
508.826SCFlorianópolis
77%
1.653.461PERecife
76%
890.480RNNatal
74%
365.855ESVitória
73%
906.092MSCampo Grande
72%
306.296TOPalmas
72%
1.213.792SPCampinas
71%
618.124MTCuiabá
71%
1.108.975MASão Luís
70%
512.902APMacapá
69%
539.354ROPorto Velho
68%
868.075PITeresina
67%
1.025.360ALMaceió
66%
433.656SPSantos
66%
1.392.121SPGuarulhos
65%
817.511PBJoão Pessoa
65%
250.181SCSão José
62%
664.908SEAracaju
60%
419.652RRBoa Vista
60%
575.377PRLondrina
58%
515.317RJNiterói
58%
699.097MGUberlândia
57%
924.624RJDuque de Caxias
56%
844.483SPSão Bernardo do Campo
55%
711.825SPRibeirão Preto
53%
597.658SCJoinville
51%
699.944SPOsasco
51%
721.368SPSanto André
51%
165.525MACaxias
49%
517.451RSCaxias do Sul
49%
258.248PRFoz do Iguaçu
47%
511.168RJCampos dos Goytacazes
46%
224.013SCChapecó
46%
430.157PRMaringá
46%
161.957SPSão Caetano do Sul
46%
687.357SPSorocaba
46%
145.796SCBalneário Camboriú
45%
1.091.737RJSão Gonçalo
45%
337.092MGUberaba
45%
175.568SPItu
44%
393.115PEOlinda
44%
619.609BAFeira de Santana
43%
573.285MGJuiz de Fora
42%
343.132RSPelotas
42%
464.983SPSão José do Rio Preto
42%
361.855SCBlumenau
41%
217.311SCCriciúma
41%
306.678RJPetrópolis
41%
590.146GOAparecida de Goiânia
40%
411.807PBCampina Grande
40%
218.162BAJuazeiro
40%
276.264CEJuazeiro do Norte
40%
423.006SPJundiaí
40%
150.658BAPorto Seguro
40%
379.297SPBauru
39%
426.757SPDiadema
39%
322.750SPGuarujá
39%
823.302RJNova Iguaçu
39%
283.677RSSanta Maria
39%
332.333PRCascavel
38%
501.325ESVila Velha
38%
159.923BAIlhéus
37%
729.737SPSão José dos Campos
37%
273.988RJVolta Redonda
37%
207.044RJAngra dos Reis
36%
450.785SPMogi das Cruzes
36%
355.336PRPonta Grossa
36%
230.371SPPresidente Prudente
36%
116.797MGUbá
36%
444.784MGBetim
35%
407.252SPPiracicaba
35%
230.378RJCabo Frio
34%
261.501RJMacaé
34%
240.590SPMarília
34%
330.845SPPraia Grande
34%
306.480PASantarém
34%
391.772GOAnápolis
33%
317.915SPTaubaté
33%
355.901SPFranca
32%
354.317PEPetrolina
32%
527.240ESSerra
32%
128.914PABragança
31%
170.533SPBragança Paulista
31%
223.112SCItajaí
31%
413.487MGMontes Claros
31%
247.032RSNovo Hamburgo
31%
211.965RSRio Grande
31%
368.355SPSão Vicente
31%
126.866RSUruguaiana
31%
341.128BAVitória da Conquista
31%
276.982SPBarueri
30%
365.278PECaruaru
30%
668.949MGContagem
30%
281.046MGGovernador Valadares
30%
259.337MAImperatriz
30%
308.482SPLimeira
30%
300.618RNMossoró
30%
254.484SPSão Carlos
30%
184.240RJTeresópolis
30%
225.495MSDourados
29%
706.867PEJaboatão dos Guararapes
29%
477.552SPMauá
29%
236.042MTRondonópolis
29%
210.711CESobral
29%
238.339SPAraraquara
28%
137.689SCBrusque
28%
348.208RSCanoas
28%
106.422SCTubarão
28%
513.118RJBelford Roxo
27%
157.349SCLages
27%
108.192PBPatos
27%
153.585MGPatos de Minas
27%
123.096APSantana
27%
265.409MGIpatinga
26%
242.018SPAmericana
25%
535.547PAAnanindeua
25%
198.129SPAraçatuba
25%
375.011SPItaquaquecetuba
25%
168.641MGPoços de Caldas
25%
208.008SPRio Claro
25%
329.058PRSão José dos Pinhais
25%
146.005MTSinop
25%
300.559SPSuzano
25%
121.335RSBagé
24%
122.833SPBarretos
24%
283.542PAMarabá
24%
191.158RJNova Friburgo
24%
204.722RSPasso Fundo
24%
170.132SPPindamonhangaba
24%
132.312RJResende
24%
112.058MSCorumbá
23%
131.626SPCubatão
23%
276.535SPEmbu das Artes
23%
156.174PRParanaguá
23%
241.518GORio Verde
23%
293.652SPTaboão da Serra
23%
123.071SPVárzea Paulista
23%
233.047ALArapiraca
22%
253.608SPCotia
22%
181.173SCJaraguá do Sul
22%
130.009ROJi-Paraná
22%
246.433RJMagé
22%
131.365RSSanta Cruz do Sul
22%
136.602MGVarginha
22%
123.389SPCaraguatatuba
21%
240.408MGDivinópolis
21%
126.701ESGuarapari
21%
122.505SPGuaratinguetá
21%
256.223SPIndaiatuba
21%
151.881SPJaú
21%
241.835MGSete Lagoas
21%
107.337MGAraxá
20%
121.803RSBento Gonçalves
20%
148.130SPBotucatu
20%
133.031CECrato
20%
106.633RSErechim
20%
162.693RJNilópolis
20%
175.272SCPalhoça
20%
238.648RSSão Leopoldo
20%
142.645PRToledo
20%
115.969PAAltamira
19%
105.087SPAssis
19%
304.302BACamaçari
19%
383.917ESCariacica
19%
213.685BAItabuna
19%
114.352SPOurinhos
19%
115.363AMParintins
19%
153.482PIParnaíba
19%
334.376PEPaulista
19%
152.549MGPouso Alegre
19%
194.390SPSanta Bárbara d'Oeste
19%
131.210SPValinhos
19%
256.302RSViamão
19%
135.506SPAraras
18%
144.088SPAtibaia
18%
156.975BABarreiras
18%
403.183SPCarapicuíba
18%
246.540PRColombo
18%
283.620RSGravataí
18%
182.644PRGuarapuava
18%
234.259SPHortolândia
18%
105.809GOItumbiara
18%
235.416SPJacareí
18%
133.490PRPinhais
18%
118.349SPPoá
18%
220.444MGSanta Luzia
18%
286.211SPSumaré
18%
102.211ROVilhena
18%
138.204MGBarbacena
17%
184.833RJBarra Mansa
17%
201.635BALauro de Freitas
17%
153.033SPMogi Guaçu
17%
338.197MGRibeirão das Neves
17%
124.159SPRibeirão Pires
17%
155.193RJRio das Ostras
17%
102.380BASanto Antônio de Jesus
17%
472.906RJSão João de Meriti
17%
140.937MGTeófilo Otoni
17%
112.500PRUmuarama
17%
287.526MTVárzea Grande
17%
183.381TOAraguaína
16%
146.214PRAraucária
16%
365.212CECaucaia
16%
140.577PEGaranhuns
16%
103.102SPItanhaém
16%
240.961SPItapevi
16%
211.508GOLuziânia
16%
109.392MGMuriaé
16%
267.036RNParnamirim
16%
151.335RJQueimados
16%
123.281MSTrês Lagoas
16%
136.234PRApucarana
15%
133.865PRCampo Largo
15%
110.983GOCatalão
15%
122.497SPCatanduva
15%
242.543RJItaboraí
15%
177.662SPItapecerica da Serra
15%
165.526SPItapetininga
15%
105.221SELagarto
15%
176.688ESLinhares
15%
164.504RJMaricá
15%
115.337MGPassos
15%
119.736SPSalto
15%
132.642ESSão Mateus
15%
127.142SPSertãozinho
15%
162.438BATeixeira de Freitas
15%
117.825MGAraguari
14%
124.810PRArapongas
14%
109.523ROAriquemes
14%
208.944PECabo de Santo Agostinho
14%
210.589ESCachoeiro de Itapemirim
14%
203.251PACastanhal
14%
177.633SPFrancisco Morato
14%
156.492SPFranco da Rocha
14%
105.255MGItuiutaba
14%
102.065GOJataí
14%
104.783MGLavras
14%
104.346SPLeme
14%
118.516BAPaulo Afonso
14%
137.349PBSanta Rita
14%
114.079PESão Lourenço da Mata
14%
217.698GOÁguas Lindas de Goiás
13%
152.327BAAlagoinhas
13%
120.041PRAlmirante Tamandaré
13%
211.352RSAlvorada
13%
124.883SPBirigui
13%
123.400ESColatina
13%
129.606MGConselheiro Lafaiete
13%
102.004PRFazenda Rio Grande
13%
196.500SPFerraz de Vasconcelos
13%
123.684GOFormosa
13%
156.126BAJequié
13%
176.569RJMesquita
13%
185.706SENossa Senhora do Socorro
13%
213.576PAParauapebas
13%
137.125MGSabará
13%
132.138PASão Félix do Xingu
13%
122.967SPTatuí
13%
129.823GOTrindade
13%
172.135GOValparaíso de Goiás
13%
131.240RSCachoeirinha
12%
107.341PRCambé
12%
101.937SPMairiporã
12%
229.458CEMaracanaú
12%
112.003SPPaulínia
12%
142.301SPSantana de Parnaíba
12%
141.808RSSapucaia do Sul
12%
170.222MATimon
12%
139.583PEVitória de Santo Antão
12%
123.599SPVotorantim
12%
100.346PEAbreu e Lima
11%
113.121MAAçailândia
11%
102.775SPCaieiras
11%
114.396BAEunápolis
11%
120.904MGItabira
11%
102.701AMItacoatiara
11%
103.800RJItaperuna
11%
130.539CEItapipoca
11%
122.581SPItatiba
11%
126.356SPJandira
11%
114.503PAParagominas
11%
106.049RJSão Pedro da Aldeia
11%
134.293RJAraruama
10%
158.899PECamaragibe
10%
123.116MACodó
10%
110.290MGCoronel Fabriciano
10%
182.153MGIbirité
10%
134.819RJItaguaí
10%
114.970PRPiraquara
10%
109.897PESanta Cruz do Capibaribe
10%
179.028MASão José de Ribamar
10%
118.451GOSenador Canedo
10%
108.969PATailândia
10%
105.711MTTangará da Serra
10%
115.144PATucuruí
10%
129.765MGVespasiano
10%
103.101ESAracruz
9%
104.790MABacabal
9%
100.764RJBarra do Piraí
9%
103.497PABreves
9%
103.074CEIguatu
9%
101.395PAItaituba
9%
130.346CEMaranguape
9%
105.520MGNova Serrana
9%
117.703GONovo Gama
9%
159.080PAAbaetetuba
8%
139.364PACametá
8%
118.370PEIgarassu
8%
105.548RJJaperi
8%
123.747MAPaço do Lumiar
8%
103.672RNSão Gonçalo do Amarante
8%
135.783BASimões Filho
8%
127.027PABarcarena
7%
133.685PAMarituba
7%

Distribuição das Pontuações

Percentil de Números Respondidos

Porcentagem de Pessoas com Cada Pontuação

Sua Pontuação Histórica

Você não jogou esse quiz